000
00273nam a22001097a 4500
008
170112b xxu||||| |||| 00| 0 eng d
020
_a
0781785901
041
_a
eng
080
_2
12TH
_a
618.2
245
_a
TEXTBOOK OF MEDICAL-SURGICAL NURSING
_c
SMELTZER, S.C
942
_2
udc
_c
BK
999
_c
2752
_d
2752